La España cristiana de los siglos VIII al XI. (Record no. 18380)

MARC details
000 -LEADER
campo de control de longitud fija 01342nam a2200301 i 4500
001 - NÚMERO DE CONTROL
campo de control 18380
003 - IDENTIFICADOR DE NÚMERO DE CONTROL
campo de control ES-MaACL
005 - FECHA Y HORA DE LA ÚLTIMA TRANSACCIÓN
campo de control 20250815043254.0
007 - CAMPO FIJO DE DESCRIPCIÓN FÍSICA--INFORMACIÓN GENERAL
campo de control de longitud fija t|
008 - DATOS DE LONGITUD FIJA--INFORMACIÓN GENERAL
campo de control de longitud fija 011213m19801999sp ||||1| spa d
020 ## - NÚMERO INTERNACIONAL ESTÁNDAR DEL LIBRO
Número Internacional Estándar del Libro 84-239-4981-8
020 ## - NÚMERO INTERNACIONAL ESTÁNDAR DEL LIBRO
Número Internacional Estándar del Libro 84-239-8913-5
080 ## - NÚMERO DE LA CLASIFICACIÓN DECIMAL UNIVERSAL
Número de la Clasificación Decimal Universal 946.0"0711/1492"
245 03 - MENCIÓN DEL TÍTULO
Título La España cristiana de los siglos VIII al XI.
260 ## - PUBLICACIÓN, DISTRIBUCIÓN, ETC.
Lugar de publicación, distribución, etc. Madrid :
Nombre del editor, distribuidor, etc. Espasa-Calpe,
Fecha de publicación, distribución, etc. 1980-1999.
300 ## - DESCRIPCIÓN FÍSICA
Extensión 2 v. :
Otras características físicas il. ;
Dimensiones 27 cm.
490 1# - MENCIÓN DE SERIE
Mención de serie Historia de España Menéndez Pidal ;
Designación de volumen o secuencia 6,7
500 ## - NOTA GENERAL
Nota general Publ. a partir del t. 35, v.1º (1989) con el tit.: Historia de España Menéndez Pidal ; anteriormente publ. con el tít.: Historia de España.
505 8# - NOTA DE CONTENIDO CON FORMATO
Nota de contenido con formato Contine: Tº 7, 1º. El reino astur-leonés (722 a 1037) : sociedad, economía, gobierno, cultura y vida / por Claudio Sánchez-Albornoz -- Tº 7, 2º. Los nucleos pirenaicos (718-1035) : Navarra, Aragón, Cataluña / por Manuel Riu y Riu ... [et al.]
651 #4 - PUNTO DE ACCESO ADICIONAL DE MATERIA--NOMBRE GEOGRÁFICO
Nombre geográfico España-
Subdivisión general Historia-
Subdivisión cronológica 0711-1492, Reconquista.
9 (RLIN) 8217
700 1# - ENTRADA AGREGADA--NOMBRE PERSONAL
Nombre de persona Sánchez-Albornoz, Claudio,
Fechas asociadas al nombre 1893-1984
9 (RLIN) 102440
700 1# - ENTRADA AGREGADA--NOMBRE PERSONAL
Nombre de persona Riu, Manuel.
9 (RLIN) 97501
740 0# - ENTRADA AGREGADA--TÍTULO RELACIONADO/ANALÍTICO NO CONTROLADO
Título relacionado o analítico no controlado Historia de España Menéndez Pidal.
740 0# - ENTRADA AGREGADA--TÍTULO RELACIONADO/ANALÍTICO NO CONTROLADO
Título relacionado o analítico no controlado Historia de España.
830 00 - PUNTO DE ACCESO ADICIONAL DE SERIE-TÍTULO UNIFORME
Título uniforme Historia de España Menéndez Pidal
Designación de volumen o secuencia 6,7
9 (RLIN) 179677
852 ## - LOCALIZACIÓN
Ubicación ES-MaACL
Número de control de estantería J-64 tº 6-7
Sublocalización o colección R.131078
Holdings
Estatus retirado Estado de pérdida Fuente del sistema de clasificación o colocación Estado de daño No para préstamo Biblioteca de origen Biblioteca actual Ubicación en estantería Fecha de adquisición Fuente de adquisición Total de préstamos Signatura topográfica completa Código de barras Visto por última vez Precio de reemplazo Tipo de ítem Koha
    Clasificación Decimal Dewey     Biblioteca del Ateneo de Madrid Biblioteca del Ateneo de Madrid Depósito 2 17/01/2008     J-64 (6-7) 1018801 23/02/2023 23/02/2023 Libro impreso